000 00816nam a2200265Ia 4500
003 OSt
005 20221005121820.0
006 a|||||r|||| 00| 0
007 ta
008 221004b |||||||| |||| 00| 0 eng d
024 _a67854
037 _cTextual
040 _aCRL
_cCRL
_beng
041 _2eng
_aeng
082 _aX:54t41N4E:N64, K4
110 _aUnited States (Government of --)
_9628270
245 0 _aImport substitution and export diversification in ecafe countries
260 _c1964
490 _aEconomic Commission for Asia and for East series
500 _aExtract from Economic survey of Asia the Far East, 1963
650 _aECONOMICS
700 _aUnited States (Government of --)
_9628271
942 _hX:54t41N4E:N64, K4
_cTEXL
_2cc
999 _c1042342
_d1042342